| 000 | 00542nam a2200169 i 4500 | ||
|---|---|---|---|
| 001 | 72114 | ||
| 003 | ES-MaACL | ||
| 007 | t| | ||
| 008 | 040826s1948 sp ||||1| spa d | ||
| 100 | 1 |
_aGil Vernet, Emilio, _d1905-1981 _956886 |
|
| 245 | 1 | 0 |
_aFisiopatología y clínica de la gestosis / _cE. Gil Vernet, J.M. Biel. |
| 260 |
_aBarcelona : _bJ.M. Massó, _c1948 ( _fTip. Catalana) |
||
| 300 |
_a425 p., 7 lám. : _bil. ; _c22 cm. |
||
| 700 | 1 |
_aBiel, J. M. _928804 |
|
| 852 |
_aES-MaACL _jB-1966 _bR.26810 |
||
| 999 |
_c72114 _d72114 |
||